| 000 | 005580000a22001810004500 | ||
|---|---|---|---|
| 003 | MACL | ||
| 005 | 20160406113219.0 | ||
| 008 | 160406b xxu||||| |||| 00| 0 eng d | ||
| 040 |
_aMACL _cMACL |
||
| 041 | _aHindi | ||
| 082 | _a340 | ||
| 100 |
_aसिंह शरद _950727 |
||
| 245 | _aन्यायालयिक विज्ञान की नई चुनौतियां | ||
| 260 |
_bसामयिक प्रकाशन _c2005 _aनई दिल्ली |
||
| 350 | _a200 | ||
| 650 |
_aLaw _950728 |
||
| 942 |
_cHIN _k340 _2ddc |
||
| 999 |
_c19259 _d19259 |
||